| 000 | 00749cam a2200229 a 4500 | ||
|---|---|---|---|
| 001 | 14529684 | ||
| 005 | 20180109084426.0 | ||
| 008 | 060831s2004 pau b 001 0 eng | ||
| 010 | _a 2006279685 | ||
| 020 | _a0803611412 (pbk.) | ||
| 040 |
_aDLC _cDLC |
||
| 041 | _aeng | ||
| 080 | _a615.8 DEB | ||
| 082 | _2615.8 DEB | ||
| 100 | 1 | _a8 | |
| 101 | _aEKZ | ||
| 245 | 1 | 0 |
_aDocumentation for physician assistants / _cDebra D. Sullivan, Lynnette J. Mattingly. |
| 504 | _aIncludes bibliographical references (p. 187-188). | ||
| 906 |
_a7 _bcbc _corignew _d2 _encip _f20 _gy-gencatlg |
||
| 942 |
_2ddc _cBK |
||
| 999 |
_c39963 _d39963 |
||